|
|
|
|
| LEADER |
01004nam a22002778a 4500 |
| 001 |
00043071 |
| 005 |
20181108111146.0 |
| 008 |
181108s2018####-vm#################vie|d |
| 020 |
# |
# |
|a 9786049633607
|c 95000
|
| 041 |
0 |
# |
|a vie
|
| 082 |
1 |
4 |
|a 158.1
|b T310L
|
| 100 |
1 |
# |
|a Trình, Chí Lương
|
| 245 |
1 |
0 |
|a Tìm lại cái tôi đã mất
|b Cứu vãn cuộc đời không vui vẻ
|c Trình Chí Lương ; Thu Trần (dịch)
|
| 250 |
# |
# |
|a Tái bản lần thứ 4
|
| 260 |
# |
# |
|a Hà Nội
|b Văn học ; Công ty Văn hoá Minh Long
|c 2018
|
| 300 |
# |
# |
|a 247 tr.
|b hình vẽ
|c 21 cm.
|
| 500 |
# |
# |
|a Tên sách tiếng Trung: 找回迷失的自己
|
| 653 |
# |
# |
|a Bí quyết
|
| 653 |
# |
# |
|a Cuộc sống
|
| 653 |
# |
# |
|a Thành công
|
| 653 |
# |
# |
|a Tâm lí học ứng dụng
|
| 700 |
1 |
# |
|a Thu Trần
|e Dịch
|
| 852 |
# |
# |
|j KD.0024925
|
| 910 |
# |
# |
|d 08/11/2018
|
| 980 |
# |
# |
|a Trung tâm Học liệu Lê Vũ Hùng, Trường Đại học Đồng Tháp
|